Business: its legal,ethic, and global environment. (Record no. 27941)

MARC details
000 -LEADER
fixed length control field 00471nam a2200193Ia 4500
020 ## - INTERNATIONAL STANDARD BOOK NUMBER
ISBN 0-32431107-9
050 ## - CALL MARK
Classification number KL 97 .M2/
100 ## - STATEMENT OF RESPONSIBILITY--MAIN AUTHOR NAME
Personal name Marianne m. jennings
245 #0 - TITLE STATEMENT
Title Business: its legal,ethic, and global environment.
250 ## - EDITION / VOLUME STATEMENT
Edition / Volume statement 7th.edi
260 ## - PUBLICATION, DISTRIBUTION, ETC. (IMPRINT)
Place of publication United states
260 ## - PUBLICATION, DISTRIBUTION, ETC. (IMPRINT)
Name of publisher Thomson west
260 ## - PUBLICATION, DISTRIBUTION, ETC. (IMPRINT)
Year of publication 2006
300 ## - PHYSICAL DESCRIPTION
Number of Pages 925 p
650 ## - SUBJECT ADDED ENTRY--TOPICAL TERM
Topical Term Business Law
942 ## - ADDED ENTRY ELEMENTS (KOHA)
Koha item type Books
Holdings
Withdrawn status Lost status Source of classification or shelving scheme Damaged status Not for loan Permanent Location Current Location Date acquired Accession Number Price effective from Koha item type
    Library of Congress Classification     Law Library Law Library 04/23/2025 0186219 04/23/2025 Books